Stati per aspettativa di vita - America del Nord - Statistics

Statistiche generali
  • Questo quiz è stato fatto 5 volte
  • Il punteggio medio è 9 su 10
Statistiche sulle risposte
Aspettativa di vita alla nascita (anni) Nazione % Corretto
77,57 Barbados
100%
82,60 Canada
100%
77,02 Costa Rica
100%
73,68 Cuba
100%
73,84 Nicaragua
100%
76,22 Panama
100%
76,33 Stati Uniti
100%
72,97 Trinidad e Tobago
100%
74,94 Grenada
60%
78,50 Antigua e Barbuda
40%
Nessun quiz corrispondente trovato
Distribuzione punteggi
Percentuale di utenti per punteggio
Percentile per numero di risposta
I tuoi punteggi nel tempo
Non hai fatto questo quiz